Представление документа в формате RUSMARC

ПолеНазваниеЗначение
  Тип записи a
  Библиографический уровень m
001 Контрольный номер b3791c3a84114fa6809d6b0bc4c8d595
005 Дата корректировки 20140623144350.6
010 Индекс ISBN __
a ISBN 5-8016-0195-3
200 Заглавие и сведения об ответственности 1_
a Заглавие Современные теории в психологии личности
e Сведения, относящиеся к заглавию [Монография]
f Первые сведения об ответственности Под ред.Б.Д.Парыгина
210 Выходные данные 1_
a Место издания СПб.
c Издательство Михайлов
d Дата издания 2003
215 Физическое описание __
a Объем 223 с.
610 Ключевые слова 0_
a Ключевые слова психология личности
610 Ключевые слова 0_
a Ключевые слова личность
610 Ключевые слова 0_
a Ключевые слова теории личности
610 Ключевые слова 0_
a Ключевые слова темперамент
610 Ключевые слова 0_
a Ключевые слова характер
610 Ключевые слова 0_
a Ключевые слова тренинг
610 Ключевые слова 0_
a Ключевые слова социобиология
610 Ключевые слова 0_
a Ключевые слова монография
686 Индексы других классификаций __
a Классификационный индекс 88.37
2 Код системы rubbk
700 Автор _1
a Фамилия Мироненко И.А.
801 Источник записи _0
a Страна RU
b Организация РУК
c Дата составления 20030730
g Правила каталогизации PSBO
801 Источник записи _1
a Страна RU
b Организация РУК
c Дата составления 20030730
g Правила каталогизации PSBO
852 Данные о местонахождении __
i Авторский знак М64
j Шифр хранения ББК 88
901 Тип документа __
t Тип документа m
938 Служебная информация __
a Название организации Головной вуз
b Имя БД BOOK
c Название АИБС АИБС ИРБИС